| 000 | 00642nam a22001937a 4500 | ||
|---|---|---|---|
| 005 | 20251108165012.0 | ||
| 008 | 250721s1994 xx 000 0 ara d | ||
| 082 | 1 | 4 | _a658.5/عبد |
| 100 | 1 | _aالشربيني، عبد الفتاح | |
| 245 | 1 | 0 | _aإدارة المنتجات / |
| 264 | 1 |
_aالقاهرة : _bجامعة القاهرة، _c1994. |
|
| 300 | _a169ص | ||
| 490 | 0 | _aدراسات بكالوريس التجارة في المعاملات المالية و التجارية | |
| 650 | 1 | 7 | _aالإدارة |
| 650 | 1 | 7 | _aتقنيات الإدارة |
| 650 | 1 | 7 | _aإدارة الإنتاج |
| 942 |
_2ddc _cBK |
||
| 999 |
_c19592 _d19592 |
||